Top 10 Greenest Countries - Statistics

General Stats
  • This quiz has been taken 94 times
  • The average score is 8 of 10
Answer Stats
EPI Country % Correct
78.9 Finland
95%
77.7 Sweden
95%
78.7 Norway
94%
82.5 Denmark
86%
77.2 Germany
86%
81.3 United Kingdom
81%
80.0 France
80%
81.5 Switzerland
77%
79.6 Austria
75%
82.3 Luxembourg
58%
No matching quizzes found
Score Distribution
Percent of People with Each Score
Percentile by Number Answered
Your Score History
You have not taken this quiz